000 00422nam a22001817a 4500
005 20180720114955.0
008 160622b xxu||||| |||| 00| 0 eng d
020 _a978-0-07-125930-3
041 _aeng
082 _b8843
_a658.3
100 _aLuthans, Fred
_92048
245 _aOrganizational behavior
250 _a11th ed.
260 _bTMH
_anew delhi
300 _a469p,
650 _aManagement
_9241
942 _cBK
999 _c3449
_d3448